000 00656nam a2200241Ia 4500
003 OSt
005 20220918175533.0
006 a|||||r|||| 00| 0
007 ta
008 220917b |||||||| |||| 00| 0 eng d
024 _a17,839
037 _cTextual
040 _aARTS
_cARTS
_beng
041 _2eng
_aeng
082 _aO111,1M19:g, K01
100 _aMarx Leo ed
_954331
245 0 _aAmericanness of Walt Whitman
260 _c1960
490 _aProblems in American civilization ed by George Rogers Taylor
650 _aENGLISH LITERATURE
942 _hO111,1M19:g, K01
_cTEXL
_2CC
999 _c158000
_d158000